000 00805nam a2200181Ia 4500
008 151202s9999||||xx |||||||||||||| ||und||
082 _bPNVM-68834
100 _aजोषी दिनकर / अनु. नरवणे अंजनी.
245 _aअंकरहित शून्याची बेरीज.
260 _b"मेहता पब्लिशिंग हाऊस, पुणे."
260 _c68834
300 _a161
600 _aजोषी दिनकर / अनु. नरवणे अंजनी.
630 _aअंकरहित शून्याची बेरीज.
700 _aजोषी दिनकर / अनु. नरवणे अंजनी.
730 _aअंकरहित शून्याची बेरीज.
942 _cBOOK
999 _c1335344
_d1335341